000 03783cam a2200361 4500500
005 20260405001027.0
041 _afre
042 _adc
100 1 0 _aTatiana Agbadje, Titilayo
_eauthor
700 1 0 _aAsy, Coralie
_eauthor
700 1 0 _aAké-Tano, Odile
_eauthor
700 1 0 _aAnne, Abdoulaye
_eauthor
700 1 0 _aRamde, Jean
_eauthor
700 1 0 _aDiabaté, Souleymane
_eauthor
700 1 0 _aDogba, Maman Joyce
_eauthor
245 0 0 _aPratiques sexuelles chez les adolescents et jeunes dans le Bas-Sassandra en Côte d’Ivoire
260 _c2026.
500 _a81
520 _aEn Côte d’Ivoire, les pratiques sexuelles à risque chez les adolescents et jeunes constituent une problématique majeure de santé publique. Cette étude qualitative de type ethnographique, menée dans le Bas-Sassandra, explore ces pratiques à partir des perspectives de 53 parties prenantes, dont 26 adolescents et jeunes. Les connaissances sur le sécurisexe et les risques associés restent limitées et parfois erronées. Les pratiques recensées incluent le multipartenariat, les jeux sexuels, les rapports sexuels sous l’effet de substances psychoactives, le sexe anal, les violences sexuelles, le sexe transactionnel, le sexe en ligne, les rituels d’hygiène intime, les pratiques liées à l’image corporelle. Ces comportements sont influencés par des facteurs individuels (ex. élève locataire), relationnels (ex. démission parentale) et socioculturels (ex. perte de repères normatifs). Les conséquences sont sanitaires (ex. infections sexuellement transmissibles), psychologiques (ex. regret), sociales (ex. stigmatisation), juridiques (ex. sanctions), voire mortelles. Les participants ont formulé plusieurs recommandations, telles que l’encadrement parental de l’usage des technologies. Cette étude révèle la complexité des trajectoires sexuelles des adolescents et jeunes du Bas-Sassandra et l’urgence d’interventions adaptées pour préserver leur santé, leur bien-être et leur avenir.
520 _aIn Côte d’Ivoire, risky sexual practices among adolescents and young adults are a major public health issue. This qualitative ethnographic study, conducted in Bas-Sassandra, explores these practices from the perspectives of 53 stakeholders, including 26 adolescents and young adults. Knowledge about safe sex and the associated risks remains limited and sometimes erroneous. The practices identified include multiple partners, sexual games, sexual intercourse under the influence of psychoactive substances, anal sex, sexual violence, transactional sex, online sex, intimate hygiene rituals and practices related to body image, and touching. These behaviors are influenced by individual factors (e.g., student tenants), relational factors (e.g., parental resignation), and sociocultural factors (e.g., loss of normative reference points). The consequences are health-related (e.g., STIs), psychological (e.g., regret), social (e.g., stigmatization), legal (e.g., sanctions), and even fatal. Participants made several recommendations, such as parental supervision of technology use. This study reveals the complexity of the sexual trajectories of adolescents and young adults in Bas-Sassandra and the urgent need for appropriate interventions to protect their health, well-being, and future.
690 _aadolescents
690 _ajeunes
690 _apratique sexuelle
690 _arisque
690 _asécurisexe
690 _aadolescents
690 _arisk
690 _asafe sex
690 _asexual practice
690 _ayoung adults
786 0 _nSexologies | 34 | 4 | 2026-03-18 | p. 230-242 | 1158-1360
856 4 1 _uhttps://stm.cairn.info/revue-sexologies-2025-4-page-230?lang=fr&redirect-ssocas=7080
999 _c2043293
_d2043294